000 00850nam a22002657a 4500
001 BR5400017
003 BR-BrBNA
005 20230928095505.0
007 ta
008 230509b bl.||||| |||| 00| 0 por d
040 _aBR-BrBNA
_bpor
_cBiblioteca Nacional de Agricultura
041 _a(Por)
072 _aL01; E16
_b514
090 _ 514 BR5400017
110 1 _aMinisterio da Agricultura, Rio de Janeiro, GB (Brasil). Servico de Estatistica da Producao
_96970
245 1 _aAspectos da producao de origem animal por unidades da federacao e segundo os produtos 1951/1953
260 3 _aRio de Janeiro, GB (Brasil):
_c1954.
300 _a90 p.
500 _aNumerical data
650 _aCusto de Producao
650 _aEstatistica de Producao
650 _aProduto de Origem Animal
909 _a202309
_bLucia
_c55
_dLucia Elande
942 _cBK
999 _c56873
_d56873